=LDR 00000nam 2200000 4500 =001 INLIS000000000045130 =990 ##$$a 0001/BPAP-NTB/20142015 =005 20230220085014 =990 ##$$a 21419268 =035 ##$$a 0010-121400000000280 =990 ##$$a 21419271 =008 230220###########################0###### =990 ##$$a 0001/BPAP-NTB/20142015 =020 ##$$a 978-979-29-3862-3 =990 ##$$a 0001/BPAP-NTB/20142015 =040 ##$$a NBPDMAT =990 ##$$a 0001/BPAP-NTB/20142015 =082 ##$$a 371.4 =990 ##$$a 0001/BPAP-NTB/20142015 =090 ##$$a 371.4 $b Sut b =990 ##$$a 0001/BPAP-NTB/20142015 =100 ##$$a Sutirna =990 ##$$a 0339/BPAP-NTB/2015 =245 1#$$a Bimbingan dan Konseling : $b Pendidikan Formal, Nonformal dan Informal /$c Dr.H.Sutirna, M.Pd =250 ##$$a Cet.1 =260 ##$$a Yogyakarta :$b Andi,$c 2013 =300 ##$$a 202 hlm. : $b ilus. ; $c 23 cm. =500 ##$$a Bibliografi : hlm. 187 =650 #4$$a Bimbingan dan Penyuluhan =850 ##$$a NBPDMAT =084 ##$$a 371.4 SUT b =990 ##$$a 21419268 =990 ##$$a 21419271 =990 ##$$a 0001/BPAP-NTB/20142015 =990 ##$$a 0001/BPAP-NTB/20142015 =990 ##$$a 0001/BPAP-NTB/20142015 =990 ##$$a 0001/BPAP-NTB/20142015 =990 ##$$a 0001/BPAP-NTB/20142015 =990 ##$$a 0001/BPAP-NTB/20142015 =990 ##$$a 0339/BPAP-NTB/2015